<?xml version="1.0" encoding="UTF-8"?><?xml-stylesheet type="text/xsl" href="static/style.xsl"?><OAI-PMH xmlns="http://www.openarchives.org/OAI/2.0/" xmlns:xsi="http://www.w3.org/2001/XMLSchema-instance" xsi:schemaLocation="http://www.openarchives.org/OAI/2.0/ http://www.openarchives.org/OAI/2.0/OAI-PMH.xsd"><responseDate>2026-04-17T06:48:31Z</responseDate><request verb="GetRecord" identifier="oai:www.recercat.cat:10459.1/70926" metadataPrefix="marc">https://recercat.cat/oai/request</request><GetRecord><record><header><identifier>oai:recercat.cat:10459.1/70926</identifier><datestamp>2024-12-05T21:46:31Z</datestamp><setSpec>com_2072_3622</setSpec><setSpec>col_2072_479130</setSpec></header><metadata><record xmlns="http://www.loc.gov/MARC21/slim" xmlns:dcterms="http://purl.org/dc/terms/" xmlns:xsi="http://www.w3.org/2001/XMLSchema-instance" xmlns:doc="http://www.lyncode.com/xoai" xsi:schemaLocation="http://www.loc.gov/MARC21/slim http://www.loc.gov/standards/marcxml/schema/MARC21slim.xsd">
   <leader>00925njm 22002777a 4500</leader>
   <datafield ind2=" " ind1=" " tag="042">
      <subfield code="a">dc</subfield>
   </datafield>
   <datafield ind2=" " ind1=" " tag="720">
      <subfield code="a">Solé Cases, Silvia</subfield>
      <subfield code="e">author</subfield>
   </datafield>
   <datafield ind2=" " ind1=" " tag="720">
      <subfield code="a">Ramírez-Campillo, Rodrigo</subfield>
      <subfield code="e">author</subfield>
   </datafield>
   <datafield ind2=" " ind1=" " tag="720">
      <subfield code="a">Andrade, David C.</subfield>
      <subfield code="e">author</subfield>
   </datafield>
   <datafield ind2=" " ind1=" " tag="720">
      <subfield code="a">Sánchez-Sánchez, Javier</subfield>
      <subfield code="e">author</subfield>
   </datafield>
   <datafield ind2=" " ind1=" " tag="260">
      <subfield code="c">2021-04-06T12:08:23Z</subfield>
   </datafield>
   <datafield ind2=" " ind1=" " tag="260">
      <subfield code="c">2021-04-06T12:08:23Z</subfield>
   </datafield>
   <datafield ind2=" " ind1=" " tag="260">
      <subfield code="c">2021-03-01</subfield>
   </datafield>
   <datafield ind2=" " ind1=" " tag="260">
      <subfield code="c">2021-04-06T12:08:23Z</subfield>
   </datafield>
   <datafield ind2=" " ind1=" " tag="520">
      <subfield code="a">Background: The aim of this study is to conduct a systematic review with meta-analysis to explore the effects of plyometric jump training (PJT) on the physical fitness of individual sport athletes (ISA).&#xd;
Methods: Following the Preferred Reporting Items for Systematic Reviews and Meta-Analyses guidelines, we searched through PubMed, Web of Science, and SCOPUS electronic databases. We included controlled studies that incorporated a&#xd;
PJT intervention among ISA (with no restriction for age or sex), that included a pre-to-post intervention assessment of physical fitness (e.g., sprint; jump). From the included studies, relevant data (e.g., PJT and participants characteristics) was extracted. We assessed the methodological quality of the included studies using the PEDro scale. Using a random-effects model, meta-analyses for a given outcome was conducted. Means and standard deviations for a measure of pre-post-intervention physical fitness from the PJT and control groups were converted to Hedges’ g effect size (ES). Heterogeneity was assessed using the I2 statistic. The risk of bias was&#xd;
explored using the extended Egger’s test. The statistical significance threshold was set at p &lt; 0.05. Moderator analyses were conducted according to the sex, age and sport background of the athletes. Results: Twenty-six studies of moderate-high methodological quality were included (total participants, n = 667). Compared to controls, PJT improved vertical jump (ES = 0.49; p &lt; 0.001; I = 0.0%), linear sprint (ES = 0.23; p = 0.032; I2 = 10.9%), maximal strength (ES = 0.50; p &lt; 0.001; I2 = 0.0%) and endurance performance&#xd;
(ES = 0.30; p = 0.028; I2 = 11.1%). No significant effect was noted for sprint with change of direction (ES = 0.34; p = 0.205; I2 = 70.9%). Athlete’s sex, age and sport background had no modulator role on the effect of PJT on vertical jump, linear&#xd;
sprint, maximal strength and endurance performance. Among the included studies,&#xd;
none reported adverse effects related to the PJT intervention. Conclusions: PJT induces small improvements on ISA physical fitness, including&#xd;
jumping, sprinting speed, strength and endurance.</subfield>
   </datafield>
   <datafield ind1="8" ind2=" " tag="024">
      <subfield code="a">http://hdl.handle.net/10459.1/70926</subfield>
   </datafield>
   <datafield tag="653" ind2=" " ind1=" ">
      <subfield code="a">Human physical conditioning</subfield>
   </datafield>
   <datafield tag="653" ind2=" " ind1=" ">
      <subfield code="a">Resistance training</subfield>
   </datafield>
   <datafield tag="653" ind2=" " ind1=" ">
      <subfield code="a">Exercise therapy</subfield>
   </datafield>
   <datafield tag="653" ind2=" " ind1=" ">
      <subfield code="a">Physical education and training</subfield>
   </datafield>
   <datafield ind2="0" ind1="0" tag="245">
      <subfield code="a">Plyometric jump training effects on the physical fitness of individual-sport athletes: a systematic review with meta-analysis</subfield>
   </datafield>
</record></metadata></record></GetRecord></OAI-PMH>